Sistemas Económicos (Registro nro. 2295)

Detalles MARC
000 -LEADER
fixed length control field 02060 a2200205 4500
001 - CONTROL NUMBER
control field 32569
005 - DATE AND TIME OF LATEST TRANSACTION
control field 20260407155623.0
008 - FIXED-LENGTH DATA ELEMENTS--GENERAL INFORMATION
fixed length control field 260407a1964 arg spa d
003 - CONTROL NUMBER IDENTIFIER
control field AR-UNSa-BCEJYS
040 ## - CATALOGING SOURCE
Original cataloging agency AR-UNSa-BCEJYS
Language of cataloging spa
Transcribing agency AR-UNSa-BCEJYS
080 ## - UNIVERSAL DECIMAL CLASSIFICATION NUMBER
Universal Decimal Classification number 330.8
Common auxiliary subdivision Historia de las teorías, Doctrinas, Dogmas económicos (pensamiento económico)
100 1# - MAIN ENTRY--PERSONAL NAME
Personal name García de Diego, Luis
245 10 - TITLE STATEMENT
Title Sistemas Económicos
264 #1 - PRODUCTION, PUBLICATION, DISTRIBUTION, MANUFACTURE, AND COPYRIGHT NOTICE
Place of production, publication, distribution, manufacture Madrid :
Name of producer, publisher, distributor, manufacturer Ediciones Rialp
Date of production, publication, distribution, manufacture, or copyright notice 1964
300 ## - PHYSICAL DESCRIPTION
Extent 450 p.
Dimensions 23 cm.
505 ## - FORMATTED CONTENTS NOTE
Formatted contents note Parte I: La economía social: 1. Análisis económico comparado – 2. La economía social – 3. La economía de mercado libre – Parte II: El capitalismo: 4. La economía capitalista – 5. El capitalismo y la distribución de la renta – 6. El capitalismo y la productividad – 7. El capitalismo y el monopolio – 8. El capitalismo y el paro – 9. El capitalismo y el pleno empleo – Parte III: La economía marxista: 10. La economía marxista: Rasgos generales – 11. La economía marxista: la teoría de la plusvalía – 12. La economía marxista: la teoría del beneficio – 13. La economía marxista: crisis, colapso y socialismo – Parte IV: La teoría económica del socialismo liberal: 14. La economía social y sus problemas – 15. El socialismo liberal y la distribución de los factores – 16. Esquema de una economía socialista liberal – 17. Reivindicaciones del socialismo liberal – Parte V: Los problemas económicos de la planificación central: 18. El socialismo autoritario y la planificación central – 19. La economía de dirección de la Rusia Soviética – 20. El capitalismo autoritario: Alemania 1933-1945 – Parte VI: Entre libertad y planificación central: 21. La economía de mercado y el estado de bienestar – 22. Los sistemas económicos y los países subdesarrollados – 23. Los sistemas económicos y el comercio internacional – 24. La agenda del gobierno en una economía de mercado -
590 ## - LOCAL NOTE (RLIN)
Local note niveau_biblio:m niveau_hierar:0
700 1# - ADDED ENTRY--PERSONAL NAME
Personal name Halm, Geroge Nikolaus
942 ## - ADDED ENTRY ELEMENTS (KOHA)
Koha item type
Existencias
Withdrawn status Lost status Damaged status Not for loan Home library Current library Shelving location Date acquired Total checkouts Full call number Barcode Date last seen Price effective from Koha item type
        Biblioteca Prof. Eusebio Cleto del Rey Biblioteca Prof. Eusebio Cleto del Rey   07/04/2026   330.8 H194 L53246 07/04/2026 07/04/2026 Libro
        Biblioteca Prof. Eusebio Cleto del Rey Biblioteca Prof. Eusebio Cleto del Rey   07/04/2026   330.8 H194 L53245 07/04/2026 07/04/2026 Libro
        Biblioteca Prof. Eusebio Cleto del Rey Biblioteca Prof. Eusebio Cleto del Rey   07/04/2026   330.8 H194 L53244 07/04/2026 07/04/2026 Libro
        Biblioteca Prof. Eusebio Cleto del Rey Biblioteca Prof. Eusebio Cleto del Rey   07/04/2026   330.8 H194 L24657 07/04/2026 07/04/2026 Libro